[Event "Landesliga U20 Nord 1314"]
[Site "Bayern"]
[Date "2013.11.30"]
[Round "2.2"]
[White "Kreuz, Maximilian"]
[Black "Lutter, Maximilian"]
[Result "0-1"]
[WhiteElo "1618"]
[BlackElo "1910"]
[PlyCount "88"]
[EventDate "2013.11.16"]
[EventType "team-tourn"]
[EventRounds "7"]
[EventCountry "GER"]
[SourceTitle "EXT 2022"]
[Source "ChessBase"]
[SourceDate "2021.10.06"]
[SourceVersion "1"]
[SourceVersionDate "2021.10.06"]
[SourceQuality "1"]
[WhiteTeam "Grossenseebach U20"]
[BlackTeam "Neumarkt U20"]
[WhiteTeamCountry "GER"]
[BlackTeamCountry "GER"]

1. e4 a6 2. d4 e6 3. Nc3 d5 4. exd5 exd5 5. Nf3 Nf6 6. Bd3 Bd6 7. h3 0-0 8. 0-0 c6 9. b3 Re8 10. Ne2 Qc7 11. c4 b6 12. Be3 Nbd7 13. Rc1 Qb8 14. Qc2 Ra7 15. c5 bxc5 16. dxc5 Be5 17. Ned4 Bxd4 18. Nxd4 Ne5 19. Bf4 Nf3+ 20. Nxf3 Qxf4 21. Rfe1 Rxe1+ 22. Nxe1 Re7 23. Bf1 Ne4 24. Nd3 Qg5 25. Kh1 a5 26. a4 Bf5 27. Re1 Ng3+ 28. fxg3 Rxe1 29. Kh2 Re3 30. g4 Bxd3 31. Bxd3 Qe5+ 32. Kg1 Re1+ 33. Bf1 Qa1 34. Qf2 d4 35. Qf5 g6 36. Qf3 Qc1 37. Qd3 Qe3+ 38. Kh2 Qxd3 39. Bxd3 Re3 40. Bc2 d3 41. Bd1 d2 42. g3 Re1 43. Bf3 Rf1 44. Kg2 Rxf3 0-1

[Event "Seebach op 23rd"]
[Site "Grossenseebach"]
[Date "2012.06.09"]
[Round "5"]
[White "Kreuz, Maximilian"]
[Black "Zimpel, Peter"]
[Result "0-1"]
[WhiteElo "1528"]
[BlackElo "1741"]
[PlyCount "92"]
[EventDate "2012.06.07"]
[EventType "swiss"]
[EventRounds "7"]
[EventCountry "GER"]
[SourceTitle "EXT 2013"]
[Source "ChessBase"]
[SourceDate "2012.11.22"]
[SourceVersion "1"]
[SourceVersionDate "2012.11.22"]
[SourceQuality "1"]

1. e4 c5 2. Nf3 Nc6 3. d3 g6 4. g3 Bg7 5. Bg2 d5 6. exd5 Qxd5 7. 0-0 Bg4 8. Nbd2 Nf6 9. Re1 0-0-0 10. Nc4 Qxc4 11. dxc4 Rxd1 12. Rxd1 Nd4 13. Rd3 Nxc2 14. Rb1 Bf5 15. Rd1 Nd4 16. Ra1 Bc2 17. Re1 e6 18. Be3 Nd7 19. Rac1 Bd3 20. Bxd4 cxd4 21. b4 e5 22. c5 e4 23. Ng5 f5 24. Nf7 Rf8 25. Nd6+ Kc7 26. a4 a6 27. h3 Ne5 28. Red1 Bh6 29. Ra1 Rb8 30. Ra2 Bf8 31. Bf1 Bxd6 32. cxd6+ Kxd6 33. f4 Nf3+ 34. Kf2 Bxf1 35. Kxf1 Rc8 36. b5 a5 37. Kf2 Kd5 38. g4 Rc3 39. Re2 Nh4 40. Rh1 Rf3+ 41. Ke1 Rxf4 42. Rc2 d3 43. Rc7 Ng2+ 44. Kd2 Rf2+ 45. Kd1 Ne3+ 46. Ke1 Re2# 0-1

[Event "Seebach op 23rd"]
[Site "Grossenseebach"]
[Date "2012.06.07"]
[Round "2"]
[White "Hoffmann, Sebastian1111"]
[Black "Kreuz, Maximilian"]
[Result "0-1"]
[WhiteElo "1301"]
[BlackElo "1528"]
[PlyCount "56"]
[EventDate "2012.06.07"]
[EventType "swiss"]
[EventRounds "7"]
[EventCountry "GER"]
[SourceTitle "EXT 2013"]
[Source "ChessBase"]
[SourceDate "2012.11.22"]
[SourceVersion "1"]
[SourceVersionDate "2012.11.22"]
[SourceQuality "1"]

1. e4 e5 2. Nf3 Nc6 3. Nc3 Nf6 4. a3 Be7 5. d4 exd4 6. Nxd4 Nxd4 7. Qxd4 d6 8. Bc4 0-0 9. 0-0 Be6 10. Bd3 a6 11. f4 c5 12. Qe3 Rc8 13. e5 dxe5 14. fxe5 c4 15. exf6 Bc5 16. Be4 Bxe3+ 17. Bxe3 g6 18. Bxb7 Rb8 19. Rad1 Qa5 20. Bh6 Qb6+ 21. Kh1 Qxb7 22. Bxf8 Rxf8 23. Ne4 h5 24. Nc5 Qxb2 25. Nxe6 fxe6 26. Rd2 Rxf6 27. Rd8+ Kh7 28. Rd7+ Kh6 0-1